zpět

Detail výsledku týmu

Luna Club 07, Teplice

Datum a čas kvízu

31 Celkem bodů Celkový počet nahraných bodů na tomto kvízu bez doplňovacích otázek.
6. Pořadí na kvízu Konečné umístění týmu na tomto kvízu.

Zaznamenané odpovědi

# Otázka Odpověď Body Výsledky
1. Prezidentské volby vyhrál o ví... Karlovarský, Ústecký, Moravskoslezský 0.5
2. Novým premiérem jedné země se... Nový Zéland 0
3. Americká Akademie filmového um... B) Všechno, všude, najednou 0
4. Minulý týden se k planetě Zemi... Neandertálská kometa 0
5. Tento 21letý český tenista svo... Jiří Lehečka 0
6. Dne 15. dubna 1986 byl jeden z... Vojtěch Filip 1
7. Ziggy Stardust je mimozemská r... David Bowie 0
8. Jak si říká tento nizozemský D... Tiësto 1
9. Přezdívky mají i státy USA. Do... 1D 2A 3B 4C 1
10. I mnozí sportovci si dávají př... Kaká 1